000 00780nam a2200265Ia 4500
003 OSt
005 20220926022948.0
006 a|||||r|||| 00| 0
007 ta
008 220923b |||||||| |||| 00| 0 eng d
037 _cGeneral Book
040 _aRTL
_cRTL
_beng
041 _2eng
_aeng
082 _aX:16, K9
100 _aPhilips E Bryant
_9328502
245 0 _aPersonal finance
_b Text and case problems
250 _a2
260 _aNew York
_bWiley
_c1969
300 _aviii,536p.
_ccm.
500 _aBibliography at the end of each chapter; Appendix: P 519-525
650 _aStandard of Living Economics
700 _a Lane Sylvia
_9328503
942 _hX:16, K9
_cGB
_2CC
999 _c640679
_d640679